000 01174nam a2200277Ia 4500
999 _c40564
_d40564
001 7188
003 GE_BSU
005 20230901161627.0
008 181216s2012||||ge |||||||||||||| || ||
020 _a9789941195594
040 _cGE_BSU
041 _ageo
080 _a821.111(73)-31 ლ-83
100 _aლონდონი, ჯეკ
_919754
245 _aმარტინ იდენი :
_bრომანი /
_cჯეკ ლონდონი ; ვახტანგ ჭელიძის თარგმანი ; რედ. ელენე სალარიძე.
260 _a.
264 _aთბილისი :
_bპალიტრა L,
_c2012.
300 _a390 გვ. ;
_c22 სმ.
490 _a50 წიგნი, რომელიც უნდა წაიკითხო სანამ ცოცხალი ხარ
541 _h10ლ.
653 _aმარტინ იდენი
653 _aრომანი
700 _aჭელიძე, ვახტანგ
_eმთარგმნელი
_919755
700 _aსალარიძე, ელენე
_eრედაქტორი
_95199
942 _cBK
_2udc